| 000 | 00628nam a2200217Ia 4500 | ||
|---|---|---|---|
| 005 | 20250923145554.0 | ||
| 008 | 008 250917s9999 xx 000 0 eng d | ||
| 037 | _aTextual | ||
| 040 |
_aDSWL _beng _cDSWL |
||
| 041 |
_aeng _2eng |
||
| 084 |
_aX8(J):77.2, N81 _qDSWL |
||
| 100 |
_aPandey, S.M. _9836728 |
||
| 245 | 0 |
_aSmall farmers development programme _c by S.M. Pandey |
|
| 260 |
_aNew Delhi _bDelhi Shri R.C. I.R.& H.R. _c1981 |
||
| 300 | _axv,251p. | ||
| 365 |
_aINR _b63.00 |
||
| 700 |
_a J.S. Sodhi _9836729 |
||
| 925 | _g63.00 | ||
| 942 |
_cTEXL _hX8(J):77.2, N81 |
||
| 999 |
_c1452994 _d1452994 |
||